Información pública de cesión de créditos fiscales (Registro nro. 21163)

Detalles MARC
000 -LEADER
fixed length control field 00345 a2200109 4500
001 - CONTROL NUMBER
control field ART_42586
005 - DATE AND TIME OF LATEST TRANSACTION
control field 20260410161808.0
008 - FIXED-LENGTH DATA ELEMENTS--GENERAL INFORMATION
fixed length control field 260409a
100 1# - MAIN ENTRY--PERSONAL NAME
Personal name Lorente, Javier A.
245 10 - TITLE STATEMENT
Title Información pública de cesión de créditos fiscales
773 0# - HOST ITEM ENTRY
Title Doctrina Societaria y Concursal
Related parts - Nº 272 (jul. 2010)
Record control number REV4298

No hay ítems disponibles.